MARC details
| 000 -LEADER |
| fixed length control field |
01869cam a22004817i 4500 |
| 001 - CONTROL NUMBER |
| control field |
17829681 |
| 005 - DATE AND TIME OF LATEST TRANSACTION |
| control field |
20161111084611.0 |
| 008 - FIXED-LENGTH DATA ELEMENTS--GENERAL INFORMATION |
| fixed length control field |
130729s2014 nyua 001 0 eng d |
| 010 ## - LIBRARY OF CONGRESS CONTROL NUMBER |
| LC control number |
2013946486 |
| 015 ## - NATIONAL BIBLIOGRAPHY NUMBER |
| National bibliography number |
GBB386547 |
| Source |
bnb |
| 016 7# - NATIONAL BIBLIOGRAPHIC AGENCY CONTROL NUMBER |
| Record control number |
016502943 |
| Source |
Uk |
| 020 ## - INTERNATIONAL STANDARD BOOK NUMBER |
| International Standard Book Number |
9780071830454 (pbk.) |
| 020 ## - INTERNATIONAL STANDARD BOOK NUMBER |
| International Standard Book Number |
0071830456 (pbk.) |
| 020 ## - INTERNATIONAL STANDARD BOOK NUMBER |
| Canceled/invalid ISBN |
9780071830447 (basic e-book) |
| 020 ## - INTERNATIONAL STANDARD BOOK NUMBER |
| Canceled/invalid ISBN |
0071830448 (basic e-book) |
| 020 ## - INTERNATIONAL STANDARD BOOK NUMBER |
| Canceled/invalid ISBN |
9780071830461 (enhanced e-book) |
| 020 ## - INTERNATIONAL STANDARD BOOK NUMBER |
| Canceled/invalid ISBN |
0071830464 (enhanced e-book) |
| 035 ## - SYSTEM CONTROL NUMBER |
| System control number |
(OCoLC)ocn859180856 |
| 040 ## - CATALOGING SOURCE |
| Original cataloging agency |
UKMGB |
| Language of cataloging |
eng |
| Transcribing agency |
UKMGB |
| Description conventions |
rda |
| Modifying agency |
OCLCO |
| -- |
YDXCP |
| -- |
BTCTA |
| -- |
NYP |
| -- |
VP@ |
| -- |
IJ5 |
| -- |
GO4 |
| -- |
Z#U |
| -- |
CPA |
| -- |
QBX |
| -- |
OCLCO |
| -- |
OCLCF |
| -- |
DLC |
| 042 ## - AUTHENTICATION CODE |
| Authentication code |
lccopycat |
| 050 00 - LIBRARY OF CONGRESS CALL NUMBER |
| Classification number |
TK454 |
| Item number |
.E46 2014 |
| 082 04 - DEWEY DECIMAL CLASSIFICATION NUMBER |
| Classification number |
DC 621.31924 |
| Edition number |
2014 |
| Item number |
N14 |
| 100 1# - MAIN ENTRY--PERSONAL NAME |
| Personal name |
Nahvi, Mahmood, |
| Relator term |
author. |
| 245 10 - TITLE STATEMENT |
| Title |
Schaum's outlines electric circuits / |
| Statement of responsibility, etc. |
Mahmood Nahvi, Joseph A. Edminister. |
| 246 30 - VARYING FORM OF TITLE |
| Title proper/short title |
Electric circuits |
| 250 ## - EDITION STATEMENT |
| Edition statement |
Sixth edition. |
| 260 ## - PUBLICATION, DISTRIBUTION, ETC. (IMPRINT) |
| Place of publication, distribution, etc. |
New York: |
| Name of publisher, distributor, etc. |
McGraw-Hill Education, |
| Date of publication, distribution, etc. |
2014 |
| 300 ## - PHYSICAL DESCRIPTION |
| Extent |
viii, 496 pages : |
| Other physical details |
illustrations ; |
| Dimensions |
28 cm |
| 490 1# - SERIES STATEMENT |
| Series statement |
Schaum's outline series |
| 500 ## - GENERAL NOTE |
| General note |
Previous edition: c2011. |
| 500 ## - GENERAL NOTE |
| General note |
Includes index. |
| 650 #0 - SUBJECT ADDED ENTRY--TOPICAL TERM |
| Topical term or geographic name as entry element |
Electric circuits. |
| 650 #0 - SUBJECT ADDED ENTRY--TOPICAL TERM |
| Topical term or geographic name as entry element |
Electric circuits |
| Form subdivision |
Problems, exercises, etc. |
| 700 1# - ADDED ENTRY--PERSONAL NAME |
| Personal name |
Edminister, Joseph, |
| Relator term |
author. |
| 830 #0 - SERIES ADDED ENTRY--UNIFORM TITLE |
| Uniform title |
Schaum's outline series. |
| 856 42 - ELECTRONIC LOCATION AND ACCESS |
| Materials specified |
Contributor biographical information |
| Uniform Resource Identifier |
<a href="http://catdir.loc.gov/catdir/enhancements/fy1317/2013946486-b.html">http://catdir.loc.gov/catdir/enhancements/fy1317/2013946486-b.html</a> |
| 856 42 - ELECTRONIC LOCATION AND ACCESS |
| Materials specified |
Publisher description |
| Uniform Resource Identifier |
<a href="http://catdir.loc.gov/catdir/enhancements/fy1317/2013946486-d.html">http://catdir.loc.gov/catdir/enhancements/fy1317/2013946486-d.html</a> |
| 856 41 - ELECTRONIC LOCATION AND ACCESS |
| Materials specified |
Table of contents only |
| Uniform Resource Identifier |
<a href="http://catdir.loc.gov/catdir/enhancements/fy1317/2013946486-t.html">http://catdir.loc.gov/catdir/enhancements/fy1317/2013946486-t.html</a> |
| 906 ## - LOCAL DATA ELEMENT F, LDF (RLIN) |
| a |
7 |
| b |
cbc |
| c |
copycat |
| d |
2 |
| e |
ncip |
| f |
20 |
| g |
y-gencatlg |
| 942 ## - ADDED ENTRY ELEMENTS (KOHA) |
| Source of classification or shelving scheme |
Dewey Decimal Classification |
| Koha item type |
Circulation |